[Event "Bisaccia op 2nd"]
[Site "Bisaccia"]
[Date "2010.06.01"]
[Round "5"]
[White "Lamberti, Valerio"]
[Black "Consalvo, Gerardo"]
[Result "0-1"]
[WhiteElo "1813"]
[BlackElo "2013"]
[PlyCount "72"]
[EventDate "2010.05.29"]
[EventType "swiss"]
[EventRounds "7"]
[EventCountry "ITA"]
[SourceTitle "EXT 2024"]
[Source "ChessBase"]
[SourceDate "2023.10.10"]
[SourceVersion "1"]
[SourceVersionDate "2023.10.10"]
[SourceQuality "1"]

1. e4 c5 2. Nf3 d6 3. d4 cxd4 4. Nxd4 Nf6 5. Nc3 g6 6. Be3 Bg7 7. Be2 0-0 8. 0-0 Nc6 9. Kh1 Bd7 10. f4 Qc8 11. Nd5 Nxd5 12. exd5 Nxd4 13. Bxd4 Bxd4 14. Qxd4 Qxc2 15. Bd3 Qc5 16. Qxc5 dxc5 17. Rae1 e6 18. Bc4 Rae8 19. dxe6 Bxe6 20. Bxe6 Rxe6 21. Rxe6 fxe6 22. Kg1 e5 23. g3 exf4 24. gxf4 Kg7 25. Rc1 b6 26. Rc4 Rd8 27. Rc2 Rd4 28. Rf2 Kf6 29. Kg2 Kf5 30. Kg3 Rd3+ 31. Kh4 c4 32. a4 a6 33. h3 b5 34. axb5 axb5 35. Rg2 Kxf4 36. Rg5 Rxh3+ 0-1

[Event "Bisaccia op 2nd"]
[Site "Bisaccia"]
[Date "2010.05.30"]
[Round "3"]
[White "Lamberti, Valerio"]
[Black "Forlano, Luigi"]
[Result "0-1"]
[WhiteElo "1813"]
[BlackElo "2024"]
[PlyCount "116"]
[EventDate "2010.05.29"]
[EventType "swiss"]
[EventRounds "7"]
[EventCountry "ITA"]
[SourceTitle "EXT 2024"]
[Source "ChessBase"]
[SourceDate "2023.10.10"]
[SourceVersion "1"]
[SourceVersionDate "2023.10.10"]
[SourceQuality "1"]

1. e4 c5 2. Nf3 g6 3. d4 cxd4 4. Nxd4 Nc6 5. Nc3 Bg7 6. Be3 Nf6 7. Nxc6 bxc6 8. e5 Nd5 9. Nxd5 cxd5 10. Qxd5 Rb8 11. Bd4 0-0 12. Qc5 d6 13. Qc3 Bf5 14. Ba6 dxe5 15. Bxa7 e4 16. Qc5 Rxb2 17. 0-0 Qd2 18. Qxe7 Rxc2 19. Rad1 Qa5 20. Qd6 Rxa2 21. Bc4 Qxa7 22. Bxa2 Qxa2 23. Qe7 Qe6 24. Qxe6 Bxe6 25. Rd6 Be5 26. Rc6 Rc8 27. Rxc8+ Bxc8 28. Rd1 Kg7 29. Rd8 Be6 30. Kf1 Bxh2 31. g3 e3 32. Ke2 exf2 33. Kxf2 Bh3 34. Rd1 h5 35. Rh1 Bxg3+ 36. Kxg3 Be6 37. Kh4 Kh6 38. Rg1 f6 39. Rf1 g5+ 40. Kg3 h4+ 41. Kh2 Kg6 42. Re1 Bf5 43. Re8 Bg4 44. Rg8+ Kf5 45. Rb8 Be2 46. Ra8 Bf3 47. Kh3 Kf4 48. Ra4+ Be4 49. Rb4 f5 50. Ra4 Ke3 51. Ra3+ Bd3 52. Rb3 f4 53. Kg4 f3 54. Rb8 f2 55. Re8+ Kd2 56. Rf8 f1Q 57. Rxf1 Bxf1 58. Kxg5 h3 0-1